000 00775nam a2200253Ia 4500
003 OSt
005 20220928115244.0
006 a|||||r|||| 00| 0
007 ta
008 220927b |||||||| |||| 00| 0 eng d
020 _c4652.2200000000003
024 _a125161
037 _b237, 02/01/2015, Vardhman Books
_cTextual
040 _aSDCL
_cSDCL
_beng
041 _2eng
_aeng
082 _aX:8DObD6,8(B), Q4
100 _aArratia Argimiro
_9443530
245 0 _aComputational finance
_b An introductory course with R
260 _aParis
_bAtlantis Press
_c2014
300 _ax;301p.
_ccm.
650 _aFinancial Studies
942 _hX:8DObD6,8(B), Q4
_cTEXL
_2CC
999 _c758668
_d758668